000 01071nam a22001937a 4500
999 _c65005
_d65005
005 20251125233107.0
008 s2555 th ||||| |||| 00| 0 tha d
040 _aNALT
090 _aKA102 ว872ข 2555
245 1 0 _aข้อมูลกฎหมายประเภทประกาศหรือคำสั่งของคณะปฏิวัติ คณะปฏิรูป และอื่นๆ ที่เกี่ยวข้อง
260 3 _aกรุงเทพฯ :
_bสำนักกฎหมาย สำนักงานเลขาธิการวุฒิสภา,
_c2555
300 _a83 หน้า ;
_b 29 ซม.
610 _aสำนักงานเลขาธิการวุฒิสภา. สำนักกฎหมาย
650 0 4 _aประกาศคณะปฏิวัติ -- 2475--2549 -- สาระสำคัญ
850 _aNALT
856 4 0 _uhttps://hdl.handle.net/20.500.14156/355500
942 _cREF
_2lcc